| 000 | 00847nas a2200301 4500 | ||
|---|---|---|---|
| 001 | BR2015000868 | ||
| 003 | BR-BrBNA | ||
| 005 | 20231205125121.0 | ||
| 007 | ta | ||
| 008 | 230509b bl.|||p| |||| 00| 00por d | ||
| 040 |
_aBR-BrBNA _bpor _cBiblioteca Nacional de Agricultura |
||
| 041 | _a(En) | ||
| 072 | _aN20; T10 | ||
| 100 | 1 | _aPinho, M.S. | |
| 100 | 1 | _aSchlosser, J.F. | |
| 100 | 1 | _aFrantz, U.G. | |
| 100 | 1 | _aFarias, M.S. | |
| 100 | 1 | _aUhry, D. | |
| 100 | 1 | _aRibas, R.L. | |
| 245 | 1 | _aAcelerações eficazes na interface assento-operador de um trator | |
| 650 | _aTRATOR | ||
| 650 | _aVELOCIDADE | ||
| 650 | _aVIBRAÇÃO | ||
| 650 | _aERGONOMIA | ||
| 773 | 0 |
_tCiência Rural (Brazil) _xISSN 0103-8478 _g(Oct. 2014), v. 44(10) p.1797-1803 _wBR2015000868 |
|
| 909 |
_a202311 _bLúcia _c55 _dLúcia Elande |
||
| 942 |
_2AGRIS _n0 _cANA |
||
| 999 |
_c242725 _d242725 |
||